| 000 | 01190nam a2200265Ia 4500 | ||
|---|---|---|---|
| 001 | 21685 | ||
| 005 | 20260420110650.0 | ||
| 008 | 260320s9999||||xx |||||||||||||| ||und|| | ||
| 020 | _a9789877605778 | ||
| 041 | _aESP | ||
| 082 |
_a155.4 _bF311 |
||
| 100 |
_aFaas, Ana Eugenia, _eAUT |
||
| 245 | 0 | _aPsicología del desarrollo infantil | |
| 250 | _aPrimera edición | ||
| 260 |
_aCórdoba : _bBrujas, _c2024 |
||
| 300 |
_aix, 412 páginas : _bilustraciones, retratos, cuadros ; _c25 cm. |
||
| 650 | _aPSI | ||
| 653 | _aPsicología infantil | ||
| 654 | _aCPS | ||
| 856 |
_uhttps://itmsp.museknowledge.com/UCSP?url=https://research.ebsco.com/plink/2e8720b8-6526-3236-8c0c-fb10585f92df _zVersión digital |
||
| 856 |
_uhttps://0u20fx6x3-y-https-research-ebsco-com.itmsp.museknowledge.com/c/qxo6us/search _zVéase además: Base de datos EBSCOhost |
||
| 856 |
_uhttps://0u213x6xq-y-https-ebooks7--24-com.itmsp.museknowledge.com/biblioteca.aspx _zVéase además: Base de datos Ebook7-24 |
||
| 856 |
_uhttps://0u20vx6qe-y-https-ebookcentral-proquest-com.itmsp.museknowledge.com/lib/catolicasp/home.action _zVéase además: Base de datos ProQuest Ebook Central |
||
| 942 |
_cLIB _dJUS _fMAT _2ddc |
||
| 999 |
_c21685 _d21685 |
||